Applications of chlorophyll fluorescence : in photosynthesis research, stress physiology, hydrobiology and remote sensing
Αποθηκεύτηκε σε:
| Συγγραφή απο Οργανισμό/Αρχή: | |
|---|---|
| Άλλοι συγγραφείς: | |
| Μορφή: | Πρακτικό Συνεδρίου Βιβλίο |
| Γλώσσα: | English |
| Δημοσίευση: |
Dordrecht :
Kluwer Academic,
1988
|
| Θέματα: | |
| Ετικέτες: |
Προσθήκη ετικέτας
Δεν υπάρχουν, Καταχωρήστε ετικέτα πρώτοι!
|
MARC
| LEADER | 00000nam a2200000 i 4500 | ||
|---|---|---|---|
| 001 | 1/24840 | ||
| 008 | 981202s1988 eng d | ||
| 020 | |a 90-247-3787-7 | ||
| 035 | |l 10037186 | ||
| 040 | |a GR-MY-UA |b gre |e aacr | ||
| 041 | 0 | |a eng | |
| 082 | 0 | |a 581.19218 | |
| 111 | 2 | |a International Chlorophyll Fluorescence Symposium |n (1st : |d 1988 |c : Bad Honnef, Germany) | |
| 245 | 1 | 0 | |a Applications of chlorophyll fluorescence : |b in photosynthesis research, stress physiology, hydrobiology and remote sensing / |c Edited by Hartmut K. Lichtenthaler |
| 260 | |a Dordrecht : |b Kluwer Academic, |c 1988 | ||
| 300 | |a 366 p. | ||
| 500 | |a An introduction to the various fields of applications of the in vivo chlorophyll fluorescence also including the proceedings of the first International Chlorophyll Fluorescences Symposium held in the Physikzentrum, Bad Honnef, F. R. G., 6-8 June 1988 | ||
| 650 | 0 | 0 | |a Chlorophyll |x Analysis |x Congresses. |
| 650 | 0 | 0 | |a Fluorimetry |x Congresses. |
| 700 | 1 | |a Lichtenthaler, Hartmut K. |4 edt | |
| 852 | |a INST |b LESVOS |e 19981202 |h 581.19218 APP |p 005100016836 |q 005100016836 |t BK |y 0 | ||
| 909 | |a Λ |b 060908 | ||
| 922 | |a 1ΕΛΗ |b 199811 |c ΚΠΣ/ΤΕΘ |d ΠΑΠΑΣΩΤΗΡΙΟΥ | ||
| 950 | |a 134-1998-07-29 | ||